| 000 | 00532nam a2200193Ia 4500 | ||
|---|---|---|---|
| 008 | 220531s9999 xx 000 0 und d | ||
| 041 | _aeng | ||
| 082 | _bKEI | ||
| 100 |
_aKeisham, R. _969761 |
||
| 245 | _aPost-colonial Trend, Womens Issues And Search For Identity In The Novels Of Githa Hariharan | ||
| 250 | _a1ST | ||
| 260 |
_aNew Delhi _bSarup _c2014 |
||
| 300 | _a205 | ||
| 542 | _d10-04-2015 | ||
| 551 |
_aEnglish _bNon-grant-ENG |
||
| 650 |
_aEnglish _969762 |
||
| 906 |
_d2015-2016 _f7311 |
||
| 999 |
_c39112 _d39112 |
||